Facilitation made easy: (Record no. 2174)

MARC details
000 -LEADER
fixed length control field 006460000a22002170004500
003 - CONTROL NUMBER IDENTIFIER
control field LK-CoMWRAF
005 - DATE AND TIME OF LATEST TRANSACTION
control field 20231109104509.0
008 - FIXED-LENGTH DATA ELEMENTS--GENERAL INFORMATION
fixed length control field 230817t2005 ||||| |||| 00| 0 eng d
020 ## - INTERNATIONAL STANDARD BOOK NUMBER
International Standard Book Number 0749443510
040 ## - CATALOGING SOURCE
Original cataloging agency LK-CoMWRAF
Modifying agency LK-CoMWRAF
Description conventions LK-CoMWRAF
041 ## - LANGUAGE CODE
Language code of text/sound track or separate title English
082 ## - DEWEY DECIMAL CLASSIFICATION NUMBER
Classification number 658.4036
Item number CAM
942 ## - ADDED ENTRY ELEMENTS (KOHA)
Koha item type Books
100 ## - MAIN ENTRY--PERSONAL NAME
Personal name Cameron, Esther
245 ## - TITLE STATEMENT
Title Facilitation made easy:
Remainder of title Practical tips to Improve meetings and workshops
250 ## - EDITION STATEMENT
Edition statement 3rd ed.
260 ## - PUBLICATION, DISTRIBUTION, ETC. (IMPRINT)
Place of publication, distribution, etc. London:
Name of publisher, distributor, etc. Kogan Page Lim,
Date of publication, distribution, etc. 2005
300 ## - PHYSICAL DESCRIPTION
Extent x, 166 p. : ill. ; 24 cm.
Other physical details Bibliography and index included
650 ## - SUBJECT ADDED ENTRY--TOPICAL TERM
Topical term or geographic name as entry element GROUP FACILITATION
650 ## - SUBJECT ADDED ENTRY--TOPICAL TERM
Topical term or geographic name as entry element Employees-Training of
Holdings
Withdrawn status Lost status Damaged status Not for loan Permanent Location Current Location Date acquired Full call number Barcode Koha item type
        Resource center, Muslim Women's Research And Action Forum Resource center, Muslim Women's Research And Action Forum 2023-08-17 658.4036 CAM RAF1793 Books

Copyright © 2023 Muslim Women's Research and Action Forum (MWRAF), No 27/3, Anderson Road, Kalubowila, Dehiwela. Funded by The Asia Fundation